Central Library OPAC University of Rajshahi

Guidelines for the promotion of environmental management of coastal aquaculture development / (Record no. 14178)

MARC details
000 -LEADER
fixed length control field 00997cam a2200289 a 4500
001 - CONTROL NUMBER
control field 14178
003 - CONTROL NUMBER IDENTIFIER
rucl marc code BD-RjUL
005 - DATE AND TIME OF LATEST TRANSACTION
control field 20211208235602.0
008 - FIXED-LENGTH DATA ELEMENTS--GENERAL INFORMATION
fixed length control field 140205s1992 ii a b i000 0 eng d
020 ## - INTERNATIONAL STANDARD BOOK NUMBER
International Standard Book Number 9251032645
035 ## - SYSTEM CONTROL NUMBER
System control number (BD-RjUL)14230
040 ## - CATALOGING SOURCE
Original cataloging agency DLC
Transcribing agency DLC
Modifying agency DLC
-- BD-RjUL
Language of cataloging eng
041 ## - LANGUAGE CODE
Language code of text/sound track or separate title eng
082 00 - DEWEY DECIMAL CLASSIFICATION NUMBER
Edition number 21
Classification number 639.8
Author mark and year BAG 1997
100 1# - MAIN ENTRY--PERSONAL NAME
Personal name Barg, U. C.
Fuller form of name (Uwe C.)
9 (RLIN) 44278
245 10 - TITLE STATEMENT
Title Guidelines for the promotion of environmental management of coastal aquaculture development /
Statement of responsibility, etc. by U.C. Barg.
260 ## - PUBLICATION, DISTRIBUTION, ETC. (IMPRINT)
Place of publication, distribution, etc. Delhi :
Name of publisher, distributor, etc. Food and Agriculture Organization of the United Nations,
Date of publication, distribution, etc. 1992. [Reprinted 1997]
300 ## - PHYSICAL DESCRIPTION
Pagination v, 122 p. :
Illustrations ill. ;
Size 30 cm.
504 ## - BIBLIOGRAPHY, ETC. NOTE
Bibliography, etc Includes bibliographical references (p. 86-100).
650 #0 - SUBJECT ADDED ENTRY--TOPICAL TERM
Topical term or geographic name as entry element Aquaculture.
9 (RLIN) 44280
Topical term or geographic name as entry element Environmental management.
9 (RLIN) 44281
Topical term or geographic name as entry element Coastal zone management.
9 (RLIN) 32601
942 ## - ADDED ENTRY ELEMENTS (KOHA)
Source of classification or shelving scheme Dewey Decimal Classification
Koha item type Books
Holdings
Lost status Source of classification or shelving scheme Damaged status Not for loan Collection code Permanent Location Current Location Shelving location Date acquired Source of acquisition Cost, normal purchase price Total Checkouts Full call number Date last seen Copy number Koha item type
  Dewey Decimal Classification     Non-fiction Central Library, University of Rajshahi Central Library, University of Rajshahi   10/11/2002 Dhaka, Paragon Enterprises Ltd 484.00   639.8 BAG 1997 05/02/2014 C-2 Books
  Dewey Decimal Classification   Not For Loan Non-fiction Central Library, University of Rajshahi Central Library, University of Rajshahi Reading Room 10/11/2002 Paragone. Dhaka 484.00   639.8 BAG 1997 13/04/2017 C-1 Books